000 00407nam a2200145Ia 4500
008 100122s9999 xx 000 0 und d
082 _b47656
_a823.08
100 _aभावे पु भा
245 _aकथामंथन
260 _bनवचैतन्य प्रकाशन
_c1992
300 _a214
630 _aकथामंथन
730 _aकथामंथन
942 _cBOOK
999 _c426430
_d426427